000 00485nam a22001817a 4500
003 CEME
005 20210628205645.0
008 210309b xxu||||| |||| 00| 0 eng d
020 _a0-442-01505-4
040 _c.
082 _a671.56 MEC
100 _aFrear, D.R Morgan, H.S Burchett, S.N
_976478
245 _aThe mechanics of solder alloy interconnects
260 _aNEWYORK
_bVAN NOSTRAND
_c1994
300 _a418P
650 _aSOLDER AND SOLDERING
_945050
942 _cBK
_2ddc
999 _c581871
_d581871